Iconic Teen Movies by Picture #2 - Statistics

General Stats
  • This quiz has been taken 67 times
  • The average score is 7 of 20
Answer Stats
Picture Hint Answer % Correct
2008 Twilight
81%
2001 Legally Blonde
71%
2006 High School Musical
64%
2007 Superbad
64%
2010 Easy A
55%
1999 American Pie
52%
2002 Bend It Like Beckham
48%
2006 Step Up
41%
2008 The House Bunny
36%
2009 Jennifer's Body
31%
2006 Aquamarine
26%
1999 Never Been Kissed
26%
2004 The Girl Next Door
22%
2005 Ice Princess
19%
2008 Wild Child
19%
2005 Sky High
12%
2003 The Lizzie McGuire Movie
12%
2008 Another Cinderella Story
9%
2008 The Clique
9%
2002 The Hot Chick
9%
No matching quizzes found
Score Distribution
Percent of People with Each Score
Percentile by Number Answered
Your Score History
You have not taken this quiz